Strategie a taktika prodeje

Salvato in:
Dettagli Bibliografici
Autore principale: Šlapák, Čeněk Tim
Natura: Libro
Lingua:ceco
Pubblicazione: Praha Nakladatelství Gasset 2023
Edizione:1. vydání
Soggetti:
Tags: Aggiungi Tag
Nessun Tag, puoi essere il primo ad aggiungerne!!

MARC

LEADER 00000nam a2200000 4500
001 0304771
005 20250102105333.8
020 |a 978-80-87079-64-5 
041 0 |a cze 
044 |a CZ 
245 1 0 |a Strategie a taktika prodeje  |c Čeněk Tim Šlapák 
250 |a 1. vydání 
264 1 |a Praha  |b Nakladatelství Gasset  |c 2023 
300 |a 131 s. 
610 2 0 |a predaj 
610 2 0 |a riadenie predaja 
610 2 0 |a technika predaja 
100 1 |a Šlapák, Čeněk Tim